Microeconomía (Registro nro. 7328)

Detalles MARC
000 -Cabecera
Campo de control interno 00824nam a2200217Ia 4500
005 - Fecha y hora del registro
control field 20260420154930.0
008 - Elementos de Longitud Fija
fixed length control field 260306t2013||||xx |||||||||||||| ||spa||
041 ## - Idioma
Codigo Idioma ESP
082 ## - DEWEY y NOTACIÓN INTERNA
Dewey 338.5
Notación Interna P59 2013
100 ## - AUTOR
Autor denominación Pindyck, Robert S.
Término de relación autor
245 #0 - TÍTULO DE MATERIAL BIBLIOGRÁFICO
Título Microeconomía
260 ## - CIUDAD, EDITORIAL, AÑO
Año 2013
300 ## - DESCRIPCIÓN
N° Páginas xxvi, 743 páginas :
Dimensiones 27 cm.
650 ## - TEMAS
Temas Generalidades
654 ## - PROGRAMAS
Programa Dpto. de Administración de Negocios
856 ## - URL - UBICACIÓN
URI/URL: Enlace exacto del recurso <a href="https://itmsp.museknowledge.com/UCSP?url=https://www.ebooks7-24.com:443/?il=6909&pg=1">https://itmsp.museknowledge.com/UCSP?url=https://www.ebooks7-24.com:443/?il=6909&pg=1</a>
Nota pública: Versión digital <a href="Versión digital (2018)">Versión digital (2018)</a>
856 ## - URL - UBICACIÓN
URI/URL: Enlace exacto del recurso <a href="https://0u213x8fl-y-https-ebooks7--24-com.itmsp.museknowledge.com/biblioteca.aspx">https://0u213x8fl-y-https-ebooks7--24-com.itmsp.museknowledge.com/biblioteca.aspx</a>
Nota pública: Versión digital <a href="Véase además: Base de datos Ebook7-24">Véase además: Base de datos Ebook7-24</a>
856 ## - URL - UBICACIÓN
URI/URL: Enlace exacto del recurso <a href="https://0u20fx8fo-y-https-research-ebsco-com.itmsp.museknowledge.com/c/qxo6us/search">https://0u20fx8fo-y-https-research-ebsco-com.itmsp.museknowledge.com/c/qxo6us/search</a>
Nota pública: Versión digital <a href="Véase además: Base de datos EBSCOhost">Véase además: Base de datos EBSCOhost</a>
942 ## - ELEMENTOS DE KOHA
Tipo de documento Libro
Nombre del creador Justo Noguera
Código de catalogador Justo Noguera
Esquema de clasificación Dewey Decimal Classification
Existencias
Codigo completo Registro Colección Copia número Disponibilidad Tipo de préstamo Biblioteca Actual Procedencia (Biblioteca) Ubicacón Fecha Ingreso Tipo de Adquisición Date last seen Total checkouts Date last checked out Price effective from Tipo de Item Estado del Material Fuente de Clasificación Damaged status Withdrawn status
338.5 P59 2013 1024971 Universidad Católica San Pablo 2 Disponible Disponible Víctor Andrés Belaunde Víctor Andrés Belaunde Planta baja abierta 03/06/2026 Compra 28/04/2026 3 27/04/2026 06/03/2026 Libro Bueno Dewey Decimal Classification    
338.5 P59 2013 1013841 Universidad Católica San Pablo 2 Disponible Disponible Víctor Andrés Belaunde Víctor Andrés Belaunde Planta baja abierta 03/06/2026 Compra 14/03/2026     14/03/2026 Libro Bueno Dewey Decimal Classification    
338.5 P59 2013 1013842 Universidad Católica San Pablo 2 Disponible Disponible Víctor Andrés Belaunde Víctor Andrés Belaunde Planta baja abierta 03/06/2026 Compra 07/04/2026 1 06/04/2026 14/03/2026 Libro Bueno Dewey Decimal Classification    
338.5 P59 2013 1013843 Universidad Católica San Pablo 2 Disponible Disponible Víctor Andrés Belaunde Víctor Andrés Belaunde Planta baja abierta 03/06/2026 Compra 14/04/2026 1 13/04/2026 14/03/2026 Libro Bueno Dewey Decimal Classification    
338.5 P59 2013 1024970 Universidad Católica San Pablo 2 Disponible Disponible Víctor Andrés Belaunde Víctor Andrés Belaunde Planta baja abierta 03/06/2026 Compra 21/04/2026 1 20/04/2026 14/03/2026 Libro Bueno Dewey Decimal Classification